000 00406nam a2200145Ia 4500
008 240729s9999 xx 000 0 und d
022 _a2582-3868
245 0 _aDigital Journal of Clinical Medicine
260 _aIndia
260 _bJSS Academy of Higher Education & Research
650 _aMedicine
856 _uhttps://doaj.org/toc/462ccadc7a7745d1bdb3ee41cb28e396
942 _2ddc
942 _cDOAJEJ
999 _c68990
_d68990
945 _a1
_bMadushi Gamage
_c1
_dMadushi Gamage